000 00531nam a2200181Ia 4500
008 240729s9999 xx 000 0 und d
022 _a2691-4875
245 0 _aVoices in Bioethics
260 _aUnited States
260 _bColumbia University Libraries
650 _a Ethics
650 _a Medical philosophy. Medical ethics | Philosophy. Psychology. Religion
650 _a Medicine (General)
650 _aMedicine
856 _uhttps://doaj.org/toc/dbe1929df2cd4d9c8693939221dc845c
942 _2ddc
942 _cDOAJEJ
999 _c70946
_d70946
945 _a1
_bMadushi Gamage
_c1
_dMadushi Gamage